Normal view
MARC view
Entry Geographic Name
001 - CONTROL NUMBER
- control field: 17410
003 - CONTROL NUMBER IDENTIFIER
- control field: OSt
005 - DATE AND TIME OF LATEST TRANSACTION
- control field: 20240618093329.0
008 - FIXED-LENGTH DATA ELEMENTS
- fixed length control field: 240618|| aca||aabn | a|a d
040 ## - CATALOGING SOURCE
- Original cataloging agency: OSt
- Transcribing agency: OSt
151 ## - HEADING--GEOGRAPHIC NAME
- Geographic name: Jupiter (Planet)
- General subdivision: Satellites
- Form subdivision: Pictorial works
670 ## - SOURCE DATA FOUND
- Source citation: Work cat.: (OSt)8586: Leutwyler, Kristin. 17408, The moons of Jupiter /, 2003.
